To the end of the world / (Record no. 131380)

MARC details
000 -LEADER
fixed length control field 00611nam a22002297a 4500
005 - DATE AND TIME OF LATEST TRANSACTION
control field 20170124110127.0
010 ## - LIBRARY OF CONGRESS CONTROL NUMBER
LC control number 753993
020 ## - INTERNATIONAL STANDARD BOOK NUMBER
Terms of availability 00.00
035 ## - SYSTEM CONTROL NUMBER
System control number 753993
037 ## - SOURCE OF ACQUISITION
Stock number Cen Lib/Ret
040 ## - CATALOGING SOURCE
Original cataloging agency DPL
Language of cataloging EN
082 ## - DEWEY DECIMAL CLASSIFICATION NUMBER
Classification number N
Item number CEN
100 ## - MAIN ENTRY--PERSONAL NAME
Personal name Cendrars, Blaise
9 (RLIN) 31628
245 ## - TITLE STATEMENT
Title To the end of the world /
Statement of responsibility, etc by Baise Cendrars; translated by Alan Brown
260 ## - PUBLICATION, DISTRIBUTION, ETC. (IMPRINT)
Place of publication, distribution, etc London
Name of publisher, distributor, etc Peter owen
Date of publication, distribution, etc 1966
270 ## - ADDRESS
City London
Address 12 Kendrick Mews
300 ## - PHYSICAL DESCRIPTION
Extent 251p.
Dimensions 19cm(Hb)
650 ## - SUBJECT ADDED ENTRY--TOPICAL TERM
Topical term or geographic name as entry element literature
9 (RLIN) 6262
650 ## - SUBJECT ADDED ENTRY--TOPICAL TERM
Topical term or geographic name as entry element Novel
9 (RLIN) 22513
700 ## - ADDED ENTRY--PERSONAL NAME
Personal name Brown, Alan
9 (RLIN) 102168
942 ## - ADDED ENTRY ELEMENTS (KOHA)
Source of classification or shelving scheme Dewey Decimal Classification
Koha item type English Books
Classification part N
Call number suffix CEN
Holdings
Withdrawn status Lost status Damaged status Not for loan Home library Current library Date acquired Source of acquisition Cost, normal purchase price Total Checkouts Full call number Barcode Date last seen Date checked out Copy number Cost, replacement price Price effective from Koha item type Public note
Written off       Central Library Central Library 14/07/2015 Cen Lib/Ret 0.00 1 N CEN 753993 03/11/2018 24/10/2018 1 0.00 14/07/2015 English Books W/d List No. 6859/10 ; dtd 04/08/2020

© Delhi Public Library
Hit Counter
free hit counter